Normal view
MARC view
Entry Topical Term
001 - CONTROL NUMBER
- control field: 9684
003 - CONTROL NUMBER IDENTIFIER
- control field: BD-RjUL
005 - DATE AND TIME OF LATEST TRANSACTION
- control field: 20231018152409.0
008 - FIXED-LENGTH DATA ELEMENTS
- fixed length control field: 231018|| aca||aabn | a|a d
040 ## - CATALOGING SOURCE
- Original cataloging agency: BD-RjUL
- Transcribing agency: BD-RjUL
150 ## - HEADING--TOPICAL TERM
- Topical term or geographic name entry element: Performance standards
670 ## - SOURCE DATA FOUND
- Source citation: Work cat.: (BD-RjUL)82159: Armstrong, Michael, 1928- author. 9244, Armstrong's handbook of performance management :